Bệnh nội khoa gia súc

שמור ב:
מידע ביבליוגרפי
מחבר ראשי: J Mocsy
פורמט: ספר
שפה:Undetermined
יצא לאור: Hà nội Nông Thôn 1962
נושאים:
תגים: הוספת תג
אין תגיות, היה/י הראשונ/ה לתייג את הרשומה!
Thư viện lưu trữ: Trung tâm Học liệu Trường Đại học Cần Thơ
LEADER 00446nam a2200169Ia 4500
001 CTU_14009
008 210402s9999 xx 000 0 und d
082 |a 636.0896 
082 |b M916/T2 
100 |a J Mocsy 
245 0 |a Bệnh nội khoa gia súc 
245 0 |c J Mocsy 
260 |a Hà nội 
260 |b Nông Thôn 
260 |c 1962 
650 |a veterinary pathology 
980 |a Trung tâm Học liệu Trường Đại học Cần Thơ